000 00689nam a2200217 a 4500
999 _c2617
_d2617
001 2617
003 BD-JhCC
005 20180301191729.0
008 171105b1963 bg ||||| |||| 00| 0 ben d
035 _a(BD-JhCC)
040 _aBD-JhCC
_dBD-JhCC
041 _aben
082 _a923.11
_bMIA 1963
100 _aমিয়া, বন্দে আলী
245 _aমাইকেল মধুসূদন /
_cবন্দে আলী মিয়া
260 _aঢাকা :
_bআহমদ পাবলিশিং হাউস ;
_c১৯৬৩
300 _a৩৮ পৃ. ;
_c১২ সেমি
600 _aMicheal Madhusudon Datta
650 _aBiography
942 _2ddc
_cBK